Guess the NFL Team Based Off the Player With Increasing Difficulty! - Statistics

General Stats
  • This quiz has been taken 131 times
    44 since last reset
  • The average score is 17 of 24
Answer Stats
Difficulty Hint Answer % Correct
Very Easy Patrick Mahomes Kansas City Chiefs
100%
Very Easy Lamar Jackson Baltimore Ravens
98%
Very Easy Josh Allen Buffalo Bills
98%
Very Easy Dak Prescott Dallas Cowboys
98%
Easy Justin Jefferson Minnesota Vikings
98%
Easy Daniel Jones New York Giants
98%
Easy Brock Purdy San Francisco 49ers
98%
Harder Tee Higgins Cincinnati Bengals
93%
Normal Amon-Ra St. Brown Detroit Lions
93%
Normal Alvin Kamara New Orleans Saints
93%
Easy Derrick Henry Baltimore Ravens
90%
Normal A.J. Brown Philadelphia Eagles
90%
Normal Breece Hall New York Jets
85%
Harder Aaron Jones Minnesota Vikings
83%
Harder Jerry Jeudy Browns
78%
Difficult Chris Olave New Orleans Saints
78%
Harder Chase Young New Orleans Saints
63%
Difficult Xavier Woods Carolina Panthers
35%
Difficult D'onta Foreman Cleveland Browns
35%
Difficult Corey Bojorquez Cleveland Browns
25%
Impossible Israel Mukuamu Dallas Cowboys
13%
Impossible Zach Triner Tampa Bay Buccaneers
10%
Impossible Andrew Stueber Atlanta Falcons
8%
Impossible Cole Van Lanen Jacksonville Jaguars
8%
No matching quizzes found
Score Distribution
Percent of People with Each Score
Percentile by Number Answered
Your Score History
You have not taken this quiz since the last reset